00406 2200169 4500245004100000020002200041250001100063100001200074700002300086650002600109005001900135260002400154041001400178084001000192300002500202336000900227 aPencemaran LingkungancAslizarhText a978-602-8193-36-8 aCet. 1 aAslizar aTim Editor Ricardo aPencemaran Lingkungan a20231013094952 aJakartabCV Ricardo aIndonesia a628.5 avi, 34 hlm. :cilus. atext